| 000 | 00859nam a2200253Ia 4500 | ||
|---|---|---|---|
| 003 | OSt | ||
| 005 | 20220926021116.0 | ||
| 006 | a|||||r|||| 00| 0 | ||
| 007 | ta | ||
| 008 | 220923b |||||||| |||| 00| 0 eng d | ||
| 037 | _cGeneral Book | ||
| 040 |
_aRTL _cRTL _beng |
||
| 041 |
_2eng _aeng |
||
| 082 | _aX755:(Z, 3), H9.89-1/UN | ||
| 110 |
_aInternational Bank. for reconstruction and Development and Republic of Cameroon (USA) _9325784 |
||
| 245 | 0 |
_aSupplemental guarantee agreement _b Cameroon oil pa |
|
| 260 |
_aNew York _bU B R D USA _c1949 |
||
| 300 |
_a9p. _ccm. |
||
| 500 | _aLoan No 886 CM | ||
| 650 | _aForeign Loan | ||
| 700 |
_aInternational Bank. for reconstruction and Development and Republic of Cameroon (USA) _9325785 |
||
| 942 |
_hX755:(Z, 3), H9.89-1/UN _cGB _2CC |
||
| 999 |
_c635789 _d635789 |
||